| 000 | 00702nam a2200241Ia 4500 | ||
|---|---|---|---|
| 005 | 20260430150321.0 | ||
| 008 | 008 250103s9999 xx 000 0 eng d | ||
| 037 | _aTheses | ||
| 040 | _aCRL | ||
| 040 | _beng | ||
| 040 | _ceng | ||
| 041 | _2eng | ||
| 041 | _aeng | ||
| 084 | _qCRL | ||
| 100 |
_aVikar Ahmad Au.; Verma Punita Gu.; Mandal Samit Kumar Gu. _91237126 |
||
| 245 | 0 | _aX-ray Based Investigation of Vacancy Transfer in Low Energy Heavy-Ion, Heavy-Atom Collisions: MO Picture | |
| 260 | _c2023 | ||
| 300 | _a176 | ||
| 650 | _aScience | ||
| 700 |
_aUniversity of Delhi. Faculty of Science. Deptt. of Physics & Astrophysics _91237110 |
||
| 942 | _cTH | ||
| 999 |
_c1849493 _d1849493 |
||